000 00589nam a2200181Ia 4500
003 GCL
008 140319s9999 xx 000 0 ara d
040 _aGCL /
_cGCL
082 0 4 _a509
_bح ت
100 1 _aحسين حمادة
245 1 0 _aتاريخ العلوم عند العرب /
_cحسين حمادة
260 _aبيروت :
_bالشركة العالمية للكتاب ش م ل ،
_c1987
300 _a256 ص ؛
_c24 سم
650 0 4 _aالاسلام والعلم
650 0 4 _aالعلوم عند العرب
650 0 4 _aالعلماء المسلمون
942 _2ddc
_cBK
999 _c49626
_d49626